Biblioteca

The new life : (Registro nro. 44664)

Detalles MARC
000 -LÍDER
Campo fijo de descripción fija 01313aam a2200337 i 4500
001 - NÚMERO DE CONTROL
Campo de control 768714001
003 - IDENTIFICADOR DEL NÚMERO DE CONTROL
Campo de control CO-MdFUSB
005 - FECHA Y HORA DE LA ULTIMA TRANSACCIÓN
control field 20250515102143.0
007 - CAMPO FIJO DE DESCRIPCIÓN FIJA--INFORMACIÓN GENERAL
Campo fijo de descripción fija ta
008 - ELEMENTOS DE LONGITUD FIJA -- INFORMACIÓN GENERAL
Campo fijo de descripción fija -- Información general 250514t2002 ||||| |||| 00| 0 eng d
020 ## - NÚMERO INTERNACIONAL NORMALIZADO PARA LIBROS
Número Internacional Normalizado del libro 978-0-9668312-4-5
040 ## - FUENTE DE CATALOGACIÓN
Agencia que realiza la transcripción CO-MdFUSB
041 ## - CÓDIGO DE IDIOMA
Código de idioma para texto/pista de sonido o título separado eng
082 04 - NÚMERO DE CLASIFICACIÓN DECIMAL DEWEY
Número de la edición del Dewey 23
Número de clasificación 248
Clave de autor-Numero de item W2141n
100 1# - ASIENTO PRINCIPAL--NOMBRE PERSONAL
Nombre personal Wallis, Captain Reginald, 1991-
Término relacionador autor
245 10 - TÍTULO
Título del Material The new life :
Parte restante del título - Subtitulo talk with christians on practical victory
Mención de responsabilidad, etc. / Captain Reginald Wallis ; editado por Dr. John B. Woodward
264 #1 - PRODUCCIÓN, PUBLICACIÓN, DISTRIBUCIÓN, MANUFACTURA, Y COPYRIGHT
Nombre del productor, publicador, distribuidor Grace Fellowship International,
Lugar de producción, publicación, distribución, manufactura Pigeon Force, TN :
Fecha de producción, publicación, distribución, manufactura, o copyright [2002]
264 #4 - PRODUCCIÓN, PUBLICACIÓN, DISTRIBUCIÓN, MANUFACTURA, Y COPYRIGHT
Fecha de producción, publicación, distribución, manufactura, o copyright ©2002
300 ## - DESCRIPCIÓN FÍSICA
Extensión 91 páginas
336 ## - TIPO DE CONTENIDO
Término de tipo de contenido texto
Código de tipo de contenido txt
Fuente rdacontent
337 ## - TIPO DE MEDIO
Fuente rdamedia
Nombre del tipo de medio sin mediación
Código del tipo de medio n
338 ## - TIPO DE SOPORTE
Fuente rdacarrier
Nombre del tipo de soporte volumen
Código Tipo de soporte nc
505 ## - NOTA DE CONTENIDO
Nota de contenido con formato preestablecido ¿Es realmente posible la victoria constante de cada creyente? -- ¿Quién es el traidor adentro? - ¿Cuál es el significado profundo de la cruz? -- ¿Cómo se hace real la cruz de Cristo en la vida cotidiana del creyente?-- ¿Qué significa Cristo vive en mí? --¿Es la "perfección pura"? --- ¿Cómo reinar en vida?
563 ## - NOTA DE ENCUADERNACIÓN
Nota de encuadernación Rústico
650 17 - ASIENTO SECUNDARIO DE MATERIA - TERMINO TEMÁTICO
Término temático o nombre geográfico como elemento de entrada Cristología
9 (RLIN) 239
653 ## - TÉRMINO DE INDIZACIÓN - NO CONTROLADO
Término no controlado Santidad
700 ## - ASIENTO SECUNDARIO - NOMBRE PERSONAL
Nombre personal Woodward, John,
9 (RLIN) 11485
Responsabilidad traductor
942 ## - TIPO DE MATERIAL (KOHA)
Tipo de Item KOHA Libros General
945 ## - INFORMACIÓN LOCAL DEL REGISTRO
Catalogador Elías Tolentino
Existencias
Estado de Material Estado de Perdido Estado de Dañado No para Préstamo Colección Tomo Biblioteca de Origen Biblioteca Permanente Fecha de Adquisición Total de Préstamos Signatura Topográfica Código de Barras Última vez visto Ejemplar/Existencia Fecha de Remplazo Tipo de Material
        Colección General   Biblioteca FUSBC Biblioteca FUSBC 11/04/2014   G 248 W2141n 18233 12/12/2019 1 26/01/2016 Libros General

Biblioteca FUSBC | Teléfono: (57+4) 349 88 10 Ext. 141| WhatsApp (+57) 3005338115 
E-mail: biblioteca@unisbc.edu.co | Calle 76 87-14 Robledo Palenque, Medellín, Colombia

Con tecnología Koha